000 02537nam a2200217Ia 4500
003 Ost
005 20260507075617.0
008 260507s9999||||xx |||||||||||||| ||und||
020 _a9789961020456
040 _cfsecg
041 _aara
082 _a341.75
100 _aراتول، محمد
_eمؤلف
245 0 _aالاقتصاد الدولي :
_b مفاتيح العلاقات الاقتصادية الدولية /
_c محمد راتول
260 _aالجزائر:
_bديوان المطبوعات الجامعية,
_c2018
300 _a384 صفحة؛
_bإيضاحات ؛
_c27 سم
504 _aمراجع ص.365
520 _aالكتاب الذي بين يديك عبارة عن مجموعة من المحاضرات المنقحة في مختلف مواضيع الاقتصاد الدولي و العلاقات الاقتصادية الدولية، قدمتها على فترات لطلبة العلوم الاقتصادية و التجارية، منذ سنة 2000، و قد زامنتها بتحديثات مستمرة حسب الأحداث و التطورات الاقتصادية و المالية الدولية، و قد اعتمدت في تقديمها على البساطة في السرد و الطرح، مع إعطاء أمثلة توضيحية كلما تطلب الأمر ذلك، لتسهيل فهم المواضيع واستيعابها، لتكون مقدمة و مفاتيح لفهم وتحليل كل ما يدور من أحداث و وقائع على مستوى العلاقات الاقتصادية الدولية، و قد تجنبت الكثير من التفاصيل و الاسقاطات على البلدان مراعيا في ذلك الحجم الأمثل للكتاب دون إفراط في الأساسيات التي يجب على الطالب إدراكها إلزاما، وقد اتبعت في ذلك منهجية منطقية و لغة بسيطة سهلة الفهم بعيدة عن التعقيدات التي تجعل القاريء يحس بالملل و ثقل الأسلوب. و الكتاب موجه ليس فقط لطلبة علوم الاقتصاد، انما لكافة طلبة كليات ومدارس و معاهد علوم الاقتصاد و التسيير و التجارة، و العلوم السياسية و الاعلام في مستويات التدرج و ما بعد التدرج، و كل دارس و مهتم بالاقتصاد الدولي والعلاقات الاقتصادية الدولية.
653 _aالاقتصاد الدولي
942 _cكتاب
999 _c45121
_d45121